| 000 | 00694nam a22002297a 4500 | ||
|---|---|---|---|
| 005 | 20170124110051.0 | ||
| 010 | _aA-905080 | ||
| 020 |
_a8170143780 _c175.00 |
||
| 035 | _aA-905080 | ||
| 037 | _bCen Lib/Ret | ||
| 040 |
_aDPL _bEN |
||
| 082 |
_a658.15 _bMAH |
||
| 100 |
_aMaheshwari, S.N. _98132 |
||
| 245 |
_aFinancial management : _cby S.N. Maheshwari _bprinciples and practices / |
||
| 250 | _a5th rev. ed | ||
| 260 |
_aNew Delhi _bSultan Chand and Sons _c1997 |
||
| 270 |
_a23,Daryaganj _bNew Delhi _e110002 |
||
| 300 |
_avarious pagings _c23cm(Hb) |
||
| 650 |
_aFinancial management _9137405 |
||
| 650 |
_aBasic concepts _96792 |
||
| 942 |
_2ddc _cEN _h658.15 _mMAH |
||
| 999 |
_c129134 _d129134 |
||